Co to jsou čipové karty

Platobné karty s magnetickým prúžkom už nemajú perspektívu ďalšieho rozvoja. Na rad prichádzajú tzv. čipové karty. Niekoľko druhov: pamäťové, logické, mikroprocesorové. Hlavné výhody čipových kariet. Vyššia bezpečnosť transakcií. Multiaplikačné využitie. Situácia v ČR.

Saved in:
Bibliographic Details
Main Author: Juřík, Pavel
Format: Book Chapter
Language:Czech
Subjects:
Tags: Add Tag
No Tags, Be the first to tag this record!

MARC

LEADER 00000naa a2200000 4500
001 r017074
005 20221208130618.1
041 0 |a cze 
044 |a CZ 
245 1 0 |a Co to jsou čipové karty  |c Pavel Juřík 
520 |a Platobné karty s magnetickým prúžkom už nemajú perspektívu ďalšieho rozvoja. Na rad prichádzajú tzv. čipové karty. Niekoľko druhov: pamäťové, logické, mikroprocesorové. Hlavné výhody čipových kariet. Vyššia bezpečnosť transakcií. Multiaplikačné využitie. Situácia v ČR. 
610 2 0 |a karty platobné 
610 2 0 |a styk platobný bezhotovostný 
610 2 0 |a Česko 
100 1 |a Juřík, Pavel